Erste Buch für den Unterricht in den neueren Sprachen (Record no. 5862)

MARC details
000 -CABECERA
campo de control de longitud fija 00589nam a2200205 a 4500
001 - NÚMERO DE CONTROL
campo de control BRCA_6175
005 - FECHA Y HORA DE LA ÚLTIMA TRANSACCIÓN
campo de control 20190320205347.0
008 - DATOS DE LONGITUD FIJA--INFORMACIÓN GENERAL
campo de control de longitud fija 110711s1910----nyu#######---#000-0#ger-#
041 ## - CÓDIGO DE LENGUA
Código de lengua del texto/banda sonora o título independiente ger
044 ## - CÓDIGO DEL PAÍS DE LA ENTIDAD EDITORA/PRODUCTORA
Código MARC del país gw
050 #4 - SIGNATURA TOPOGRÁFICA DE LA BIBLIOTECA DEL CONGRESO
Número de clasificación PF3111
Número de documento/Ítem .B46 1910
245 10 - MENCIÓN DE TÍTULO
Título Erste Buch für den Unterricht in den neueren Sprachen
Resto del título deutscher Teli für erwachsene
Mención de responsabilidad, etc. von M. D. Berlitz.
260 ## - PUBLICACIÓN, DISTRIBUCIÓN, ETC.
Lugar de publicación, distribución, etc. Nueva York
Nombre del editor, distribuidor, etc. M. D. Berlitz
Fecha de publicación, distribución, etc. 1910
300 ## - DESCRIPCIÓN FÍSICA
Extensión 107 p.
Dimensiones 20 m.
500 ## - NOTA GENERAL
Nota general K58
650 14 - PUNTO DE ACCESO ADICIONAL DE MATERIA--TÉRMINO DE MATERIA
Término de materia o nombre geográfico como elemento de entrada Alemán
Término indicativo de función/relación Ejercicios de redacción
9 (RLIN) 15435
700 1# - PUNTO DE ACCESO ADICIONAL--NOMBRE DE PERSONA
Nombre de persona Berlitz, M. D.
9 (RLIN) 15553
902 ## - CATALOGADOR
Iniciales GFM
942 ## - ELEMENTOS DE PUNTO DE ACCESO ADICIONAL (KOHA)
Fuente del sistema de clasificación o colocación Library of Congress Classification
Tipo de ítem Koha Libros
Holdings
Estado de retiro Estado de pérdida Estado dañado No para préstamo Localización permanente Ubicación/localización actual Fecha de adquisición Número de inventario Total de préstamos Signatura topográfica completa Código de barras Fecha visto por última vez Precio válido a partir de Tipo de ítem Koha
El ejemplar forma parte de la colección y puede ser consultado según las políticas vigentes.       Biblioteca del Museo Franz Mayer (Rogerio Casas-Alatriste) Biblioteca del Museo Franz Mayer (Rogerio Casas-Alatriste) 11/07/2011 K58   PF3111 .B46 1910 (K58) 6614 22/03/2019 22/03/2019 Libros